ბათუმის შოთა რუსთაველის სახელმწიფო უნივერსიტეტის ბიბლიოთეკა

Пожарная безопасность нефтегаз и объектов магистральных трубопроводов. (ბიბ.ჩანაწერი № 38188)

000 -LEADER
fixed length control field 00730nam a2200205Ia 4500
001 - CONTROL NUMBER
control field 4178
003 - CONTROL NUMBER IDENTIFIER
control field GE_BSU
008 - FIXED-LENGTH DATA ELEMENTS--GENERAL INFORMATION
fixed length control field 181216s||||||||xx |||||||||||||| ||und||
040 ## - CATALOGING SOURCE
Transcribing agency GE_BSU
080 ## - UNIVERSAL DECIMAL CLASSIFICATION NUMBER
Universal Decimal Classification number 628.741
100 ## - MAIN ENTRY--PERSONAL NAME
Personal name Глебов,В.С. Тазеев,Г.С.
245 ## - TITLE STATEMENT
Title Пожарная безопасность нефтегаз и объектов магистральных трубопроводов.
250 ## - EDITION STATEMENT
Edition statement изд. 2-е, перераб. и доп.
260 ## - PUBLICATION, DISTRIBUTION, ETC.
Place of publication, distribution, etc. М.
260 ## - PUBLICATION, DISTRIBUTION, ETC.
Name of publisher, distributor, etc. Недра.
260 ## - PUBLICATION, DISTRIBUTION, ETC.
Date of publication, distribution, etc. 1972.
300 ## - PHYSICAL DESCRIPTION
Extent 192 стр. 22 см.
653 ## - INDEX TERM--UNCONTROLLED
Uncontrolled term Пожарная безопасность нефтегаз и объектов магистральных трубопроводов.
942 ## - ADDED ENTRY ELEMENTS (KOHA)
Koha item type წიგნი
ეგზემპლარები
Withdrawn status Lost status Damaged status Not for loan Date acquired Barcode Date last seen Price effective from Koha item type Public note
        2018-12-17 9394 2018-12-17 2018-12-17 წიგნი საცავი